Tornadoes!. (Record no. 112956)
[ view plain ]
| 000 -LEADER | |
|---|---|
| fixed length control field | 00263nam a2200109 a 4500 |
| 005 - DATE AND TIME OF LATEST TRANSACTION | |
| control field | 20140414131957.0 |
| 008 - FIXED-LENGTH DATA ELEMENTS--GENERAL INFORMATION | |
| fixed length control field | 110209s19uu xx 00 eng d |
| 050 ## - LIBRARY OF CONGRESS CALL NUMBER | |
| Classification number | TR 551.55 |
| Item number | M36 2006 |
| 100 ## - MAIN ENTRY--PERSONAL NAME | |
| Personal name | Martin, Justin McCory |
| 245 ## - TITLE STATEMENT | |
| Title | Tornadoes!. |
| Withdrawn status | Lost status | Damaged status | Home library | Current library | Shelving location | Date acquired | Total Checkouts | Full call number | Barcode | Date last seen | Price effective from | Koha item type |
|---|---|---|---|---|---|---|---|---|---|---|---|---|
| Munich Library | Munich Library | Teachers Reference Section | 02/09/2011 | TR 551.55 M36 2006 | M4381 | 04/14/2014 | 04/14/2014 | Books |